| 000 | 00380nam a2200157Ia 4500 | ||
|---|---|---|---|
| 008 | 230711s9999||||xx |||||||||||||| ||und|| | ||
| 041 | _aENG | ||
| 082 |
_a800 _bDE-T |
||
| 100 | _aDepartment of Finance | ||
| 245 | 0 | _aTravelling allowance rules | |
| 250 | _a4th | ||
| 260 |
_c1984 _aChandigarh _bGovt of Punjab Publication |
||
| 300 | _a138 | ||
| 650 | _aLiterature | ||
| 942 | _cBK | ||
| 999 |
_c1239 _d1239 |
||